000 00481nam a2200157 i 4500
001 90583
003 ES-MaACL
005 20230906180505.0
007 t|
008 050121s1912 fr ||||1| fre d
100 1 _aLehautcourt, Pierre.
_971323
245 1 4 _aLes origines de la guerre de 1870
_b: la candidature Hohenzollern 1868-1870 /
_cPierre Lehautcourt.
260 _aManey :
_bBerger-Levrault et Cie,
_c1912.
300 _aXVI, 664 p. ;
_c22 cm.
852 _aES-MaACL
_jF-7359
999 _c90583
_d90583